000
00342 a2200157 4500
001
182672
020
_a
85-209-0527- 7
040
_c
Magnum
100
_a
Callado, Antônio
240
1
0
_a
A madona de cedro
_l
por
245
1
0
_a
A madona de cedro
300
_a
223
440
1
_a
Nova Fronteira
697
_a
LITERATURA JUVENIL
942
_c
BK
999
_c
182672
_d
182672